| 000 | 02202nam a2200265Ia 4500 | ||
|---|---|---|---|
| 999 |
_c43704 _d43704 |
||
| 001 | 10445 | ||
| 003 | GE_BSU | ||
| 005 | 20240614171452.0 | ||
| 008 | 181216s2014||||ge |||||||||||||| ||geo|| | ||
| 040 | _cGE_BSU | ||
| 041 | _ageo | ||
| 080 | _a338.48(063) ტ–92 | ||
| 245 |
_aტურიზმი : ეკონომიკა და ბიზნესი : _bV საერთაშორისო სამეცნ.-პრაქტ. კონფერენცია, 5-6 ივლისი, ბათუმი - ხიხანის ხეობა, 2014 : [შრომების კრებული] / _cბათუმის შოთა რუსთაველის სახელმწ. უნ-ტი, ტურიზმის ფაკ-ტი, აჭარის არ ტურიზმისა და კურორტების დეპარტამენტი ; [სარედ. კოლ. : იაკობ მესხია [და სხვ.]]. საგამომცემლო ცნობები |
||
| 264 |
_aთბილისი : _b უნივერსალი, _c2014. |
||
| 300 |
_a481გვ. ; _c29 სმ. |
||
| 500 | _aყდა ქართულ და ინგლისურ ენებზე | ||
| 500 | _a თავფურელი მე-2 გვ. ინგლისურ ენაზე | ||
| 500 | _aრამოდენიმე მოხსენება ინგლისურ ენაზე | ||
| 653 | _aტურიზმის ეკონომიკა -- სამეცნიერო კონფერენციები | ||
| 653 | _aტურიზმის ბიზნესი -- სამეცნიერო კონფერენციები | ||
| 700 |
_aმესხია, ი. (იაკობ) _eრედაქტორი _922447 |
||
| 710 |
_aბათუმის შოთა რუსთაველის სახელმწ. უნ-ტი _bტურიზმის ფაკ-ტი _91536 |
||
| 710 |
_aაჭარის არ ტურიზმისა და კურორტების დეპარტამენტი _91536 |
||
| 942 |
_cBK _2udc |
||